| 000 | 00836pam a2200301 i 4500 | ||
|---|---|---|---|
| 001 | 1744525 | ||
| 003 | OSt | ||
| 005 | 20140310181631.0 | ||
| 008 | 760204s1976 nyu 001 0 eng | ||
| 010 | _a 75025059 | ||
| 020 |
_a0060135220 : _c$7.95 |
||
| 040 |
_aDLC _cDLC _dDLC |
||
| 050 | 0 | 0 |
_aHQ 734 _b.R367 1976 |
| 082 | 0 | 0 |
_aTR 301.427 _bR27 1976 |
| 100 | 1 | _aReingold, Carmel Berman. | |
| 245 | 1 | 0 |
_aRemarriage / _cCarmel Berman Reingold. |
| 250 | _a1st ed. | ||
| 260 |
_aNew York : _bHarper & Row, _cc1976. |
||
| 300 |
_a177 p. ; _c22 cm. |
||
| 500 | _aIncludes index. | ||
| 520 | _a1. Remarriage | ||
| 521 | _aFaculty | ||
| 541 | _j1 | ||
| 562 | _eFor circulation. One copy available in the collection | ||
| 650 | 0 | _aRemarriage. | |
| 906 |
_a7 _bcbc _corignew _d1 _eocip _f19 _gy-gencatlg |
||
| 942 |
_2lcc _cBK-TR _kTR |
||
| 999 |
_c510 _d510 |
||